802. 16j Network performance analysis and relay selection (Record no. 11357)
[ view plain ]
| 000 -LEADER | |
|---|---|
| fixed length control field | 00499 a2200133 4500 |
| 082 ## - DEWEY DECIMAL CLASSIFICATION NUMBER | |
| Classification number | MS-IT-9 |
| 100 ## - MAIN ENTRY--PERSONAL NAME | |
| Personal name | Noman Mazhar |
| 9 (RLIN) | 106858 |
| 245 ## - TITLE STATEMENT | |
| Title | 802. 16j Network performance analysis and relay selection |
| Statement of responsibility, etc. | Noman Mazhar |
| 260 ## - PUBLICATION, DISTRIBUTION, ETC. | |
| Place of publication, distribution, etc. | Islamabad |
| Name of publisher, distributor, etc. | NUST-SEECS |
| Date of publication, distribution, etc. | 2012 |
| 300 ## - PHYSICAL DESCRIPTION | |
| Extent | 45p. |
| Other physical details | ;ill. |
| Dimensions | ;27cm.+ |
| Accompanying material | CD ROM |
| 500 ## - GENERAL NOTE | |
| General note | Supervisors: Dr. Anjum Naveed, Dr. Ali Khayyam, Dr. Shahzad Younis, Dr. Aamir Shafi |
| 856 ## - ELECTRONIC LOCATION AND ACCESS | |
| Uniform Resource Identifier | <a href="http://10.250.8.41:8080/xmlui/handle/123456789/31908">http://10.250.8.41:8080/xmlui/handle/123456789/31908</a> |
| 942 ## - ADDED ENTRY ELEMENTS (KOHA) | |
| Koha item type | Project Report |
| Call number prefix | MS-IT-9 NOM |
| Source of classification or shelving scheme | |
| Withdrawn status | Lost status | Source of classification or shelving scheme | Damaged status | Not for loan | Permanent Location | Current Location | Date acquired | Full call number | Barcode | Date last seen | Price effective from | Koha item type |
|---|---|---|---|---|---|---|---|---|---|---|---|---|
| Central Library (CL) | Central Library (CL) | 08/07/2024 | MS-IT-9 NOM | SEECSP01233 | 11/14/2012 | 11/14/2012 | Project Report |
